[Event "Medellin de La Raza op"]
[Site "Medellin"]
[Date "2023.10.14"]
[Round "5"]
[White "Velandia, Wilson"]
[Black "Sanjuan Navarro, Carlos Hernando"]
[Result "1/2-1/2"]
[WhiteElo "1564"]
[BlackElo "1775"]
[PlyCount "71"]
[EventDate "2023.10.12"]
[EventType "swiss"]
[EventRounds "10"]
[EventCountry "COL"]
[SourceTitle "Mega2024 Update 01"]
[Source "Chessbase"]
[SourceDate "2023.11.12"]
[SourceVersion "1"]
[SourceVersionDate "2023.11.12"]
[SourceQuality "1"]

1. c3 Nf6 2. d4 g6 3. Bf4 Bg7 4. Nf3 d6 5. h3 0-0 6. Nbd2 Nbd7 7. e4 Nh5 8. Bh2 e5 9. Bc4 a5 10. a4 Qe7 11. Qc2 Kh8 12. dxe5 dxe5 13. 0-0 Nf4 14. Rfe1 Bh6 15. Bf1 Rg8 16. g3 Ne6 17. Nc4 Ng5 18. Nxg5 Bxg5 19. Rad1 Nc5 20. Kh1 f6 21. Bg1 Be6 22. f3 Rgd8 23. Rxd8+ Rxd8 24. Rd1 Rxd1 25. Qxd1 b6 26. b4 Nb7 27. bxa5 Nxa5 28. Nxa5 bxa5 29. Qd3 Qd7 30. h4 Bh6 31. Qb5 Qxb5 32. Bxb5 Bd2 33. c4 c6 34. Bxc6 Bxc4 35. Kg2 Kg7 36. Bb5 1/2-1/2

[Event "Medellin Easter op 11th"]
[Site "Medellin"]
[Date "2023.04.09"]
[Round "6"]
[White "Velandia, Wilson"]
[Black "Dahale, Atul"]
[Result "0-1"]
[WhiteElo "1657"]
[BlackElo "2172"]
[PlyCount "62"]
[EventDate "2023.04.05"]
[EventType "swiss"]
[EventRounds "7"]
[EventCountry "COL"]
[SourceTitle "CBM 213 Extra"]
[Source "ChessBase"]
[SourceDate "2023.05.31"]
[SourceVersion "1"]
[SourceVersionDate "2023.05.31"]
[SourceQuality "1"]

1. c3 Nf6 2. d4 d6 3. Nf3 g6 4. Bf4 Bg7 5. h3 0-0 6. e3 Nfd7 7. Nbd2 e5 8. Bg5 Qe8 9. Qc2 Nc6 10. Be2 h6 11. Bh4 f5 12. Bc4+ Kh8 13. dxe5 dxe5 14. 0-0-0 a6 15. g4 b5 16. Bd5 Nb6 17. Bxc6 Qxc6 18. gxf5 Bxf5 19. e4 Be6 20. Rdg1 Bf7 21. Rg2 g5 22. Bg3 Rae8 23. Nf1 Bxa2 24. Nxg5 hxg5 25. b3 Bxb3 26. Qxb3 Qxe4 27. Rhg1 Nc4 28. Nh2 Rd8 29. h4 g4 30. Nxg4 Rf3 31. Nh2 Bh6+ 0-1

[Event "Medellin Easter op 11th"]
[Site "Medellin"]
[Date "2023.04.07"]
[Round "4"]
[White "Velandia, Wilson"]
[Black "Perez Lujan, Mateo"]
[Result "0-1"]
[WhiteElo "1657"]
[BlackElo "1917"]
[PlyCount "50"]
[EventDate "2023.04.05"]
[EventType "swiss"]
[EventRounds "7"]
[EventCountry "COL"]
[SourceTitle "CBM 213 Extra"]
[Source "ChessBase"]
[SourceDate "2023.05.31"]
[SourceVersion "1"]
[SourceVersionDate "2023.05.31"]
[SourceQuality "1"]

1. b4 e5 2. Bb2 d6 3. e3 g6 4. c4 Bg7 5. Nf3 Nf6 6. Be2 0-0 7. 0-0 e4 8. Nd4 c5 9. Nc2 Nc6 10. b5 Ne5 11. d4 exd3 12. Bxd3 Nxd3 13. Qxd3 Bf5 14. Qc3 d5 15. Nba3 d4 16. exd4 Ne4 17. Qe3 Re8 18. Rad1 Qc7 19. Qb3 Qa5 20. Nb1 cxd4 21. Nxd4 Nc5 22. Qa3 Qxa3 23. Nxa3 Bd3 24. Rfe1 Rxe1+ 25. Rxe1 Rd8 0-1